| 000 | 00345 a2200157 4500 | ||
|---|---|---|---|
| 003 | Nust | ||
| 005 | 20170207165703.0 | ||
| 020 | _a9789693505146 | ||
| 040 | _cNust | ||
| 082 | _a891.4393 | ||
| 100 | _aQudisa, Bano | ||
| 245 |
_aRaja Gidh _cBano Qudsia |
||
| 260 |
_aLahore _bSang-e-Meel _c2011 |
||
| 300 | _a452 p | ||
| 651 | _aUrdu Literature-Novel | ||
| 942 |
_2ddc _cBK |
||
| 999 |
_c212703 _d212703 |
||